| 000 | 00686nam a22002172 4500 | ||
|---|---|---|---|
| 001 | 0000019056 | ||
| 005 | 20151217145910.0 | ||
| 008 | 100903s xx 000 0 eng d | ||
| 020 | _a0335234518 : | ||
| 040 |
_aKABU _cKABU |
||
| 100 | 1 |
_aJohnston, Bill. _@0000178636 |
|
| 245 | 1 | 4 |
_aThe First year at university : _bteaching students in transition / _cBill Johnston. |
| 250 | _a1st ed. | ||
| 260 |
_aMaidenhead, England : _bOpen University, _c2010. |
||
| 300 | _axii, 143 p. | ||
| 650 | 0 |
_aCollege learning. _@0000178637 |
|
| 650 | 0 |
_aStudent-centered learning. _@0000178638 |
|
| 852 | 1 | _9p1960 KES | |
| 908 | _a100903 | ||
| 950 | _@1 | ||
| 999 |
_c3859 _d3859 |
||